[Event "Quebec Montcalm op 6 2001-02"]
[Site "Quebec"]
[Date "2002.04.04"]
[Round "2"]
[White "Guimont, Claude"]
[Black "Bourassa, Andre"]
[Result "0-1"]
[WhiteElo "1545"]
[BlackElo "1669"]
[PlyCount "116"]
[EventDate "2002.03.28"]
[EventType "swiss"]
[EventRounds "5"]
[EventCountry "CAN"]
[SourceTitle "EXT 2022"]
[Source "ChessBase"]
[SourceDate "2021.10.06"]
[SourceVersion "1"]
[SourceVersionDate "2021.10.06"]
[SourceQuality "1"]

1. d4 d5 2. c4 c6 3. cxd5 cxd5 4. Nc3 Nc6 5. Nf3 e6 6. Bf4 a6 7. e3 Nf6 8. Bd3 Nb4 9. Bb1 Bd7 10. 0-0 Nh5 11. Bg3 Be7 12. a3 Nxg3 13. fxg3 Nc6 14. Qd3 g6 15. Bc2 0-0 16. e4 dxe4 17. Nxe4 Na7 18. Qd2 Rc8 19. Qh6 f5 20. Neg5 Bxg5 21. Nxg5 Qe7 22. Bb3 Qg7 23. Qxg7+ Kxg7 24. Nxe6+ Bxe6 25. Bxe6 Rcd8 26. Rac1 Kf6 27. Ba2 Rfe8 28. Rc7 Re7 29. Rxe7 Kxe7 30. Rd1 Kd6 31. Kf2 Re8 32. Re1 Rxe1 33. Kxe1 Nb5 34. Bg8 h6 35. Bh7 g5 36. Bxf5 Nxd4 37. Be4 b6 38. Kd2 a5 39. Ke3 Ke5 40. Bg6 Nb5 41. Kf3 Nd6 42. b3 Kd4 43. Bc2 Kc3 44. Bd1 Nb5 45. b4 Nxa3 46. bxa5 bxa5 47. h4 Nc2 48. Kg4 Ne3+ 49. Kh5 Nxd1 50. Kxh6 gxh4 51. gxh4 a4 52. g4 Ne3 53. g5 Nd5 54. Kg6 Nf4+ 55. Kf5 a3 56. Kxf4 a2 57. g6 a1Q 58. g7 Qg1 0-1